01372nam a2200313 ia450000500170000000800410001702000400005804000250009808200160012310000260013924500560016524600500022125000160027126400580028726400110034530000510035633600210040733700250042833800230045349000230047649000170049950000190051652003460053563000310088165000580091265000490097083000230101983000160104220260518112425.0260405t20252025njuao erbf 000 0 eng d a9781394284610cRM 137.39qpaperback aPPAKbengcPPAKerda04223a006.6861 aSylvan, Rob,eauthor.10aAdobe Photoshop Lightroom Classic /cby Rob Sylvan 30aAdobe Photoshop Lightroom Classic for dummies a3rd Edition 1aHoboken, New Jersey :bJohn Wiley & Sons, Inc.,c2025 4c©2025 axiii, 366 pages :bcolour photographs ;c23 cm atext2rdacontent aunmediated2rdamedia avolume2rdacarrier1 aLEARNING MADE EASY1 aFor dummies  aIncludes index aNew and experienced photographers will gain tips and tricks for using Adobe Photoshop Lightroom Classic. Learn to edit, organize, and share large numbers of digital photos. This edition walks through all of the software's fundamental features, as well as the newest AI-powered tools to help with noise removal and identifying specific photos aAdobe Photoshop lightroom.10aPhotographyxDigital techniquesxComputer programs. 20aArtificial intelligencexComputer programs.  0aLearning made easy 0aFor dummies